Catálogo

EL IV CENTENARIO DE DON FRAY JUAN DE ZUMARRAGA (Registro nro. 15417)

Detalles MARC
000 -LEADER
fixed length control field 00436nam a2200169 a 4500
001 - CONTROL NUMBER
control field 15417
005 - DATE AND TIME OF LATEST TRANSACTION
control field 20180713204102.0
008 - FIXED-LENGTH DATA ELEMENTS--GENERAL INFORMATION
fixed length control field 140415s1948 sp 000 0 spa d
041 ## - LANGUAGE CODE
Language code of text/sound track or separate title spa
082 ## - DEWEY DECIMAL CLASSIFICATION NUMBER
Classification number 946.05
Item number BAY
100 1# - MAIN ENTRY--PERSONAL NAME
Personal name Bayle, Constantino.
245 13 - TITLE STATEMENT
Title EL IV CENTENARIO DE DON FRAY JUAN DE ZUMARRAGA
250 ## - EDITION STATEMENT
Edition statement 1a ed.
260 ## - PUBLICATION, DISTRIBUTION, ETC.
Place of publication, distribution, etc. ESPAÑA :
Name of publisher, distributor, etc. JURA,
Date of publication, distribution, etc. 1948
300 ## - PHYSICAL DESCRIPTION
Extent 65
650 14 - SUBJECT ADDED ENTRY--TOPICAL TERM
Topical term or geographic name entry element ESPAA
General subdivision HISTORIA
Existencias
Withdrawn status Lost status Source of classification or shelving scheme Damaged status Not for loan Collection code Home library Current library Shelving location Date acquired Source of acquisition Inventory number Total Checkouts Full call number Barcode Date last seen Price effective from Koha item type
    Dewey Decimal Classification     General Biblioteca Karol Wojtyla Biblioteca Karol Wojtyla Sala general 03/12/2013 Compra 151000000000000000035915   946.05 BAY 3296 05/01/2026 03/12/2013 Libro